[Event "FBL 1"]
[Site "Deutschland"]
[Date "2012.12.01"]
[Round "3.2"]
[White "Levushkina, Elena"]
[Black "Hoolt, Sarah"]
[Result "1-0"]
[WhiteElo "2301"]
[BlackElo "2308"]
[PlyCount "99"]
[EventDate "2012.10.06"]
[WhiteTeam "SF 1891 Friedberg"]
[BlackTeam "Hamburger SK von 1830"]
[WhiteTeamCountry "GER"]
[BlackTeamCountry "GER"]

1. e4 c5 2. Nf3 e6 3. c3 Nf6 4. e5 Nd5 5. Bc4 d6 6. d4 cxd4 7. cxd4 Nb6 8. Bd3
Nc6 9. O-O Nb4 10. Be2 Bd7 11. Nc3 Bc6 12. a3 N4d5 13. Ne4 h6 14. Bd3 Qc7 15.
Qe2 Nd7 16. exd6 Bxd6 17. Nxd6+ Qxd6 18. Ne5 Nxe5 19. dxe5 Qc7 20. Bd2 a6 21.
a4 Qb6 22. Rfb1 Nb4 23. Bxb4 Qxb4 24. Rc1 Rd8 25. Ra3 O-O 26. Rc4 Qe7 27. Rg4
Rd7 28. Rg3 Qh4 29. Rg4 Qd8 30. h3 Rd4 31. Qe3 Rxg4 32. hxg4 Qd5 33. f3 Rd8 34.
a5 Bb5 35. Bxb5 Qxb5 36. Qf2 Qxe5 37. f4 Rd1+ 38. Kh2 Qd5 39. Rc3 Rd2 40. Qf1
Rxb2 41. Rg3 Qxa5 42. g5 Qb5 43. Qc1 Qb4 44. gxh6 g6 45. Qc7 Rxg2+ 46. Rxg2 Qf8
47. Rg3 Kh7 48. Qxb7 a5 49. Qa7 a4 50. Qd4 1-0

[Event "FBL 1"]
[Site "Deutschland"]
[Date "2012.12.01"]
[Round "3.4"]
[White "Bulmaga, Irina"]
[Black "Hegeler, Anja"]
[Result "1-0"]
[WhiteElo "2386"]
[BlackElo "2202"]
[PlyCount "55"]
[EventDate "2012.10.06"]
[WhiteTeam "SF 1891 Friedberg"]
[BlackTeam "Hamburger SK von 1830"]
[WhiteTeamCountry "GER"]
[BlackTeamCountry "GER"]

1. e4 e6 2. d4 d5 3. Nc3 Nc6 4. Nf3 Nf6 5. e5 Ne4 6. Bd3 Bb4 7. Bd2 Nxd2 8.
Qxd2 f6 9. Bb5 Bd7 10. Bxc6 Bxc6 11. a3 Be7 12. exf6 gxf6 13. Qh6 Qd6 14. Qh5+
Kd7 15. b4 Kc8 16. O-O Be8 17. Qh6 Bg6 18. Qe3 Kd7 19. Rfe1 a6 20. Na4 b6 21.
Nc5+ bxc5 22. dxc5 d4 23. Nxd4 Qe5 24. Qc3 Qh5 25. Nxe6 Bd8 26. Rad1+ Kc6 27.
Nxd8+ Raxd8 28. Qxf6+ 1-0

[Event "FBL 1"]
[Site "Deutschland"]
[Date "2012.12.01"]
[Round "3.5"]
[White "Bluebaum, Bettina"]
[Black "Genova, Lyubka"]
[Result "1/2-1/2"]
[WhiteElo "1984"]
[BlackElo "2276"]
[PlyCount "163"]
[EventDate "2012.10.06"]
[WhiteTeam "Hamburger SK von 1830"]
[BlackTeam "SF 1891 Friedberg"]
[WhiteTeamCountry "GER"]
[BlackTeamCountry "GER"]

1. d4 g6 2. c4 Bg7 3. Nc3 c5 4. d5 Bxc3+ 5. bxc3 f5 6. Bg5 Qa5 7. Qc2 d6 8. h4
h6 9. Bd2 Nf6 10. f3 Nbd7 11. Nh3 Ne5 12. e3 Bd7 13. Nf4 O-O-O 14. Be2 Rhg8 15.
Rb1 Rdf8 16. Kf2 g5 17. Ne6 Bxe6 18. dxe6 f4 19. exf4 gxf4 20. Rb5 Qc7 21. Rhb1
b6 22. a4 Nc6 23. Bd3 Rg7 24. Bf1 Nh5 25. a5 Qb7 26. Qa4 Kc7 27. Qb3 Rb8 28.
Bd3 Rgg8 29. Qa4 Rgf8 30. Be4 Nf6 31. Bd5 Qa8 32. R5b2 h5 33. Kg1 Nh7 34. Qc2
Nf6 35. Ra2 Nxd5 36. cxd5 Ne5 37. c4 Qb7 38. Qa4 Qc8 39. Bc3 Qe8 40. axb6+ axb6
41. Bxe5 Qxa4 42. Bxd6+ Kxd6 43. Rxa4 Ke5 44. Re1+ Kf5 45. Ra7 Rfe8 46. Rc7 Ra8
47. d6 exd6 48. Rf7+ Kg6 49. Rxf4 Ra4 50. Rfe4 Rb4 51. Rd1 b5 52. Rxd6 bxc4 53.
Re1 c3 54. Rc1 Rc4 55. Kf2 Kf6 56. Rd5 Rh8 57. g3 Kxe6 58. Rd3 Rg8 59. Rcxc3
Rxc3 60. Rxc3 Kd5 61. f4 Kd4 62. Rc1 c4 63. Kf3 c3 64. Rd1+ Kc4 65. Rd7 Rc8 66.
Rd1 c2 67. Rc1 Kd3 68. f5 Rc4 69. f6 Rc6 70. Kf4 Rxf6+ 71. Kg5 Rf3 72. g4 hxg4
73. Kxg4 Rf2 74. h5 Kd2 75. Rxc2+ Kxc2 76. Kg5 Kd3 77. Kg6 Ke4 78. h6 Rh2 79.
h7 Kf4 80. Kg7 Rg2+ 81. Kf7 Rh2 82. Kg7 1/2-1/2

[Event "FBL 1"]
[Site "Deutschland"]
[Date "2012.12.01"]
[Round "3.6"]
[White "Goczo, Melinda"]
[Black "Rogozenco, Teodora"]
[Result "1-0"]
[WhiteElo "2234"]
[BlackElo "1706"]
[PlyCount "73"]
[EventDate "2012.10.06"]
[WhiteTeam "SF 1891 Friedberg"]
[BlackTeam "Hamburger SK von 1830"]
[WhiteTeamCountry "GER"]
[BlackTeamCountry "GER"]

1. d4 d6 2. Nf3 Nf6 3. c4 g6 4. g3 Bg7 5. Bg2 O-O 6. O-O Nbd7 7. Nc3 e5 8. e4
c6 9. Rb1 a5 10. h3 Re8 11. Be3 Qc7 12. Re1 Nh5 13. g4 Nhf6 14. Rc1 Nf8 15. b3
h5 16. g5 N6d7 17. d5 Nc5 18. a3 a4 19. Bxc5 dxc5 20. Nxa4 Rxa4 21. bxa4 Nh7
22. Qd2 Bf8 23. a5 Be7 24. Rcd1 Bd8 25. d6 Qd7 26. Qb2 Qe6 27. Nxe5 Nxg5 28. d7
Bxd7 29. Nxd7 Nxh3+ 30. Bxh3 Qxh3 31. Nf6+ Bxf6 32. Qxf6 Qg4+ 33. Kh2 h4 34.
Rg1 Qxe4 35. Rd7 Qxc4 36. Rxg6+ fxg6 37. Qg7# 1-0

[Event "FBL 1"]
[Site "Deutschland"]
[Date "2012.12.01"]
[Round "3.1"]
[White "Wagener, Anna"]
[Black "Bodnaruk, Anastasia"]
[Result "0-1"]
[WhiteElo "2254"]
[BlackElo "2421"]
[PlyCount "112"]
[EventDate "2012.10.06"]
[WhiteTeam "Karlsruher SF 1853"]
[BlackTeam "Rodewischer Schachmiezen"]
[WhiteTeamCountry "GER"]
[BlackTeamCountry "GER"]

1. e4 c5 2. Nf3 d6 3. d4 cxd4 4. Qxd4 Nc6 5. Bb5 Bd7 6. Bxc6 Bxc6 7. Nc3 Nf6 8.
Bg5 e6 9. O-O-O Be7 10. Rhe1 O-O 11. Qd2 h6 12. Bf4 e5 13. Bg3 Rc8 14. Kb1 b5
15. Bh4 b4 16. Nd5 Bxd5 17. exd5 Rc4 18. Bxf6 Bxf6 19. Qd3 Qc7 20. Nd2 Rd4 21.
Qb3 Be7 22. Ne4 Rxd1+ 23. Rxd1 f5 24. Ng3 a5 25. f3 Qc5 26. Qd3 g6 27. Nf1 Bg5
28. g3 h5 29. h4 Bh6 30. g4 hxg4 31. fxg4 Qf2 32. gxf5 gxf5 33. Ng3 e4 34. Nxe4
fxe4 35. Qxe4 Qf6 36. a3 Bg7 37. Qe6+ Qxe6 38. dxe6 bxa3 39. bxa3 Rb8+ 40. Ka2
a4 41. Rg1 Kh7 42. Rg4 Rb2+ 43. Ka1 Rxc2+ 44. Kb1 Re2 45. Rxa4 Rxe6 46. Kc2 d5
47. Ra5 d4 48. Rd5 Be5 49. h5 Kh6 50. Kd3 Kxh5 51. a4 Kg4 52. a5 Kf4 53. Rd7
Ra6 54. Rd5 Rc6 55. Rd7 Rc3+ 56. Ke2 Ra3 0-1

[Event "FBL 1"]
[Site "Deutschland"]
[Date "2012.12.01"]
[Round "3.2"]
[White "Pokorna, Regina"]
[Black "Mader, Manuela"]
[Result "1/2-1/2"]
[WhiteElo "2353"]
[BlackElo "2222"]
[PlyCount "127"]
[EventDate "2012.10.06"]
[WhiteTeam "Rodewischer Schachmiezen"]
[BlackTeam "Karlsruher SF 1853"]
[WhiteTeamCountry "GER"]
[BlackTeamCountry "GER"]

1. e4 c6 2. c4 d5 3. exd5 cxd5 4. cxd5 Nf6 5. Nc3 Nxd5 6. Nf3 Nxc3 7. bxc3 g6
8. Bc4 Bg7 9. O-O O-O 10. Re1 Nc6 11. d4 Bg4 12. Bb3 Qa5 13. Bd2 Rad8 14. Re4
Bf5 15. Re3 Bg4 16. h3 Bxf3 17. Rxf3 Qc7 18. Qe2 a6 19. Bf4 e5 20. Bg3 Qa5 21.
d5 Ne7 22. Bxe5 Nxd5 23. Bxg7 Kxg7 24. Qc4 Nf6 25. Re1 Rd7 26. Qf4 Qb6 27. c4
Rd4 28. Qg5 h6 29. Qc1 Qc5 30. Rfe3 Rd7 31. Re5 Qd4 32. c5 Rc8 33. R1e3 Rdc7
34. Re7 b6 35. c6 Qd6 36. Qe1 Kf8 37. Rxc7 Rxc7 38. Qe2 Rxc6 39. g3 b5 40. Qb2
Qc5 41. Kg2 a5 42. Re5 Qb6 43. Qe2 Qb7 44. Qf3 a4 45. Bd5 Nxd5 46. Rxd5 b4 47.
Rd8+ Kg7 48. Kh2 Qb6 49. Rd2 Rf6 50. Qe2 Re6 51. Qf3 Qc6 52. Qd1 Qc3 53. Rd8
Qe1 54. Qd4+ Rf6 55. Kg2 Qe7 56. Rb8 b3 57. axb3 axb3 58. Rb6 g5 59. g4 b2 60.
Qxb2 Qe4+ 61. Kh2 Qf4+ 62. Kg1 Kg6 63. Qc2+ Kg7 64. Qb2 1/2-1/2

[Event "FBL 1"]
[Site "Deutschland"]
[Date "2012.12.01"]
[Round "3.3"]
[White "Kiefhaber, Veronika"]
[Black "Stockova, Zuzana"]
[Result "0-1"]
[WhiteElo "2229"]
[BlackElo "2352"]
[PlyCount "88"]
[EventDate "2012.10.06"]
[WhiteTeam "Karlsruher SF 1853"]
[BlackTeam "Rodewischer Schachmiezen"]
[WhiteTeamCountry "GER"]
[BlackTeamCountry "GER"]

1. e4 c5 2. c3 d5 3. exd5 Qxd5 4. d4 g6 5. Nf3 Bg7 6. Na3 cxd4 7. Nb5 Na6 8.
Be3 Nf6 9. Qxd4 O-O 10. Bc4 Qf5 11. Qd3 Qxd3 12. Bxd3 Nd5 13. Bg5 h6 14. Bd2
Nc5 15. Bc4 Nb6 16. Be2 Bf5 17. O-O Rfd8 18. Nbd4 Bd3 19. Bxd3 Nxd3 20. b3 Rac8
21. Rad1 e5 22. Ne2 e4 23. Nfd4 Nd5 24. c4 N5b4 25. a3 Na6 26. Be3 Nac5 27. b4
Na4 28. c5 Nab2 29. Rb1 Nc4 30. a4 Rd7 31. Nb5 a6 32. Nbc3 f5 33. Rb3 a5 34.
bxa5 Nxe3 35. fxe3 Rxc5 36. g4 Ne5 37. gxf5 Nf3+ 38. Kg2 gxf5 39. Rb5 Rxc3 40.
Nxc3 Bxc3 41. Rxf3 exf3+ 42. Kxf3 Kg7 43. Kf4 Rf7 44. Rc5 Bf6 0-1

[Event "FBL 1"]
[Site "Deutschland"]
[Date "2012.12.01"]
[Round "3.4"]
[White "Rudolf, Anna"]
[Black "Lauterbach, Ingrid"]
[Result "1/2-1/2"]
[WhiteElo "2306"]
[BlackElo "2143"]
[PlyCount "63"]
[EventDate "2012.10.06"]
[WhiteTeam "Rodewischer Schachmiezen"]
[BlackTeam "Karlsruher SF 1853"]
[WhiteTeamCountry "GER"]
[BlackTeamCountry "GER"]

1. e4 d6 2. d4 Nf6 3. Nc3 g6 4. Nf3 Bg7 5. Be2 O-O 6. O-O c6 7. h3 Nbd7 8. Bf4
Qa5 9. Nd2 Qc7 10. a4 e5 11. dxe5 dxe5 12. Be3 Rd8 13. Bc4 Nf8 14. Qe2 Ne6 15.
Bxe6 Bxe6 16. a5 Nh5 17. Rfd1 Nf4 18. Qf1 Bf8 19. Ra4 b5 20. axb6 axb6 21. Rda1
Rxa4 22. Rxa4 Bc8 23. Nc4 Rd4 24. Ra8 Bb7 25. Ra1 b5 26. Na5 Rd7 27. Nxb7 Qxb7
28. Ra7 Qc8 29. Rxd7 Qxd7 30. Qd1 Qxd1+ 31. Nxd1 Ne6 32. Kf1 1/2-1/2

[Event "FBL 1"]
[Site "Deutschland"]
[Date "2012.12.01"]
[Round "3.6"]
[White "Steinbacher, Claudia"]
[Black "Wiesner, Paula"]
[Result "1-0"]
[WhiteElo "2134"]
[BlackElo "1810"]
[PlyCount "77"]
[EventDate "2012.10.06"]
[WhiteTeam "Rodewischer Schachmiezen"]
[BlackTeam "Karlsruher SF 1853"]
[WhiteTeamCountry "GER"]
[BlackTeamCountry "GER"]

1. d4 e6 2. c4 Bb4+ 3. Bd2 a5 4. a3 Bxd2+ 5. Qxd2 Nf6 6. Nc3 O-O 7. e4 d6 8.
Bd3 e5 9. d5 Nbd7 10. Nge2 a4 11. O-O Nc5 12. Bc2 Nh5 13. f4 exf4 14. Nxf4 Nf6
15. Nfe2 Ng4 16. Nd1 Ne5 17. Ne3 b6 18. Nc3 Ba6 19. Qe2 Qd7 20. Rf4 Rab8 21.
Rh4 Ng6 22. Rg4 b5 23. cxb5 Bxb5 24. Qd1 Rfe8 25. Nf5 c6 26. dxc6 Bxc6 27. Qxd6
Qa7 28. Qd4 f6 29. Bd3 Rbd8 30. Bc4+ Kf8 31. Qf2 Rd7 32. Rf1 Ne5 33. Rxg7 Nxc4
34. Rxd7 Bxd7 35. Nd4 Nb3 36. Ne6+ Rxe6 37. Qxa7 Ne5 38. Qb8+ Kf7 39. Qh8 1-0

[Event "FBL 1"]
[Site "Deutschland"]
[Date "2012.12.01"]
[Round "3.2"]
[White "Gunina, Valentina"]
[Black "Zatonskih, Anna"]
[Result "1-0"]
[WhiteElo "2509"]
[BlackElo "2512"]
[PlyCount "101"]
[EventDate "2012.10.06"]
[WhiteTeam "SC Bad Koenigshofen 1957"]
[BlackTeam "OSG Baden Baden"]
[WhiteTeamCountry "GER"]
[BlackTeamCountry "GER"]

1. Nf3 d5 2. c4 e6 3. e3 Nf6 4. Nc3 Be7 5. b3 b6 6. Bb2 Bb7 7. cxd5 exd5 8.
Bb5+ c6 9. Bd3 Nbd7 10. O-O O-O 11. Ne2 Re8 12. Ng3 Bf8 13. Qc2 h6 14. Rfe1 Nc5
15. Bf5 Nce4 16. d3 Nxg3 17. hxg3 g6 18. Bh3 c5 19. d4 cxd4 20. Nxd4 Bc8 21.
Rad1 Bxh3 22. gxh3 Rc8 23. Qd3 Ne4 24. Ne2 Bg7 25. Bxg7 Kxg7 26. Nf4 Nc3 27.
Rc1 Qf6 28. a4 Red8 29. Kg2 d4 30. exd4 Rxd4 31. Qf3 Rd7 32. Re3 Rdc7 33. Kh2
b5 34. axb5 Nxb5 35. Rxc7 Rxc7 36. Re8 Qc6 37. Ne6+ Qxe6 38. Rxe6 fxe6 39. Qe2
a6 40. Qxe6 Rf7 41. f4 Nc7 42. Qc6 Kh7 43. g4 Kg7 44. f5 gxf5 45. gxf5 Kf8 46.
Qd6+ Ke8 47. f6 Rh7 48. Kg3 Rf7 49. Kg4 Rd7 50. Qc6 Kd8 51. Kh5 1-0

[Event "FBL 1"]
[Site "Deutschland"]
[Date "2012.12.01"]
[Round "3.3"]
[White "Kachiani Gersinska, Ketino"]
[Black "Savina, Anastasia"]
[Result "0-1"]
[WhiteElo "2366"]
[BlackElo "2303"]
[PlyCount "62"]
[EventDate "2012.10.06"]
[WhiteTeam "OSG Baden Baden"]
[BlackTeam "SC Bad Koenigshofen 1957"]
[WhiteTeamCountry "GER"]
[BlackTeamCountry "GER"]

1. c4 g6 2. Nc3 Bg7 3. d4 Nf6 4. e4 d6 5. Nf3 O-O 6. Be2 e5 7. O-O Na6 8. Re1
c6 9. Rb1 exd4 10. Nxd4 Re8 11. Bf3 Nc5 12. Bf4 Ne6 13. Nxe6 Bxe6 14. b3 Nd7
15. Qd2 Ne5 16. Be2 Qa5 17. Rbc1 Rad8 18. Bf1 a6 19. a4 Nd7 20. Bh6 Bxh6 21.
Qxh6 Nc5 22. Re3 Nxb3 23. Rb1 Nd2 24. Rxb7 Nxf1 25. Kxf1 Rb8 26. Rxb8 Rxb8 27.
g3 Bxc4+ 28. Kg2 Rb3 29. Nd1 Rb1 30. Rc3 Bf1+ 31. Kxf1 Qxc3 0-1

[Event "FBL 1"]
[Site "Deutschland"]
[Date "2012.12.01"]
[Round "3.6"]
[White "Oetztuerk, Kuebra"]
[Black "Arakhamia Grant, Ketevan"]
[Result "0-1"]
[WhiteElo "2294"]
[BlackElo "2421"]
[PlyCount "76"]
[EventDate "2012.10.06"]
[WhiteTeam "SC Bad Koenigshofen 1957"]
[BlackTeam "OSG Baden Baden"]
[WhiteTeamCountry "GER"]
[BlackTeamCountry "GER"]

1. d4 Nf6 2. c4 c5 3. Nf3 cxd4 4. Nxd4 e5 5. Nb5 d5 6. cxd5 Bc5 7. N5c3 O-O 8.
g3 Qb6 9. e3 e4 10. a3 Bg4 11. Be2 Bxe2 12. Qxe2 Nbd7 13. Nd2 Rfe8 14. b4 Bf8
15. Bb2 Rac8 16. O-O Qd8 17. Rfd1 Nb6 18. Kg2 a6 19. b5 a5 20. Nb3 Nc4 21. Nd4
Qd7 22. Rac1 Qg4 23. Ba1 Bxa3 24. Rc2 Bb4 25. Qxg4 Nxg4 26. Re2 Bxc3 27. Bxc3
Ncxe3+ 28. fxe3 Rxc3 29. Nf5 g6 30. h3 gxf5 31. hxg4 fxg4 32. d6 Rd8 33. d7 Rd3
34. Ra1 b6 35. Ra4 f5 36. Rf2 Rd5 37. Rd4 R8xd7 38. Rxf5 Rxf5 0-1

[Event "FBL 1"]
[Site "Deutschland"]
[Date "2012.12.01"]
[Round "3.1"]
[White "Doluhanova, Evgeniya"]
[Black "Nebolsina, Vera"]
[Result "1-0"]
[WhiteElo "2247"]
[BlackElo "2270"]
[PlyCount "67"]
[EventDate "2012.10.06"]
[WhiteTeam "SV Chemie Guben 1990"]
[BlackTeam "SF Deizisau"]
[WhiteTeamCountry "GER"]
[BlackTeamCountry "GER"]

1. e4 e5 2. Nf3 Nc6 3. d4 exd4 4. Nxd4 Bc5 5. Nxc6 Qf6 6. Qf3 bxc6 7. Nc3 d6 8.
Be2 Qxf3 9. gxf3 Ne7 10. Rg1 O-O 11. Be3 Bxe3 12. fxe3 f5 13. e5 dxe5 14. Bc4+
Kh8 15. O-O-O f4 16. e4 h6 17. Na4 Bh3 18. Nc5 Nc8 19. Be6 Bxe6 20. Nxe6 Rg8
21. Nxc7 Rb8 22. Rg6 Nb6 23. Na6 Rbc8 24. Nc5 Nc4 25. Rd7 Rcd8 26. Rxc6 Ne3 27.
Rxd8 Rxd8 28. Nd3 g5 29. h3 Kg7 30. b4 h5 31. Nxe5 Rd1+ 32. Kb2 Rg1 33. b5 Rg2
34. a4 1-0

[Event "FBL 1"]
[Site "Deutschland"]
[Date "2012.12.01"]
[Round "3.2"]
[White "Misanovic, Vesna"]
[Black "Sikorska, Agata"]
[Result "0-1"]
[WhiteElo "2326"]
[BlackElo "2110"]
[PlyCount "80"]
[EventDate "2012.10.06"]
[WhiteTeam "SF Deizisau"]
[BlackTeam "SV Chemie Guben 1990"]
[WhiteTeamCountry "GER"]
[BlackTeamCountry "GER"]

1. d4 Nf6 2. c4 d6 3. Nc3 Nbd7 4. e4 e5 5. d5 Be7 6. Bd3 c6 7. Bc2 a5 8. Nge2
O-O 9. h4 Nc5 10. Ng3 Bg4 11. f3 Nh5 12. Nxh5 Bxh5 13. g3 h6 14. Be3 Bg6 15.
Qb1 Rb8 16. a3 a4 17. Bxc5 dxc5 18. Bxa4 f5 19. h5 Bh7 20. Bc2 Qd7 21. Ke2 Kh8
22. exf5 Bxf5 23. Bxf5 Rxf5 24. Qe4 Rbf8 25. Raf1 Bg5 26. Kd1 b5 27. cxb5 cxd5
28. Nxd5 Qxb5 29. Rf2 Qb3+ 30. Ke2 Qxb2+ 31. Kf1 Qd4 32. Qxd4 exd4 33. Nf4 Bxf4
34. gxf4 Rxf4 35. Kg2 c4 36. Rc1 d3 37. Ra2 Rd4 38. Kf2 Re8 39. a4 c3 40. a5 c2
0-1

[Event "FBL 1"]
[Site "Deutschland"]
[Date "2012.12.01"]
[Round "3.3"]
[White "Wisniowska, Klaudia"]
[Black "Manakov, Marina"]
[Result "1/2-1/2"]
[WhiteElo "2187"]
[BlackElo "2294"]
[PlyCount "60"]
[EventDate "2012.10.06"]
[WhiteTeam "SV Chemie Guben 1990"]
[BlackTeam "SF Deizisau"]
[WhiteTeamCountry "GER"]
[BlackTeamCountry "GER"]

1. e4 d5 2. exd5 Qxd5 3. Nc3 Qa5 4. d4 Nf6 5. Bd2 c6 6. Bc4 Bf5 7. Nf3 e6 8.
Bb3 Bb4 9. Qe2 Nbd7 10. Ne5 Nxe5 11. dxe5 Nd7 12. a3 O-O-O 13. O-O Bxc3 14.
Bxc3 Qb6 15. a4 Nc5 16. a5 Qc7 17. Qe3 Nxb3 18. cxb3 a6 19. Bd4 Rd5 20. Rfe1
Qd7 21. Bc5 Rd3 22. Qg5 f6 23. exf6 gxf6 24. Qxf6 Rg8 25. Qe5 Rd5 26. Qc3 Rd3
27. Qe5 Rd5 28. Qc3 Rd3 29. Qe5 Rd5 30. Qc3 Rd3 1/2-1/2

[Event "FBL 1"]
[Site "Deutschland"]
[Date "2012.12.01"]
[Round "3.4"]
[White "Klek, Hanna Marie"]
[Black "Sikorska, Dorota"]
[Result "1-0"]
[WhiteElo "2214"]
[BlackElo "1952"]
[PlyCount "57"]
[EventDate "2012.10.06"]
[WhiteTeam "SF Deizisau"]
[BlackTeam "SV Chemie Guben 1990"]
[WhiteTeamCountry "GER"]
[BlackTeamCountry "GER"]

1. e4 e6 2. d4 d5 3. Nc3 Bb4 4. a3 Bxc3+ 5. bxc3 Ne7 6. Bd3 c5 7. exd5 Qxd5 8.
Nf3 cxd4 9. cxd4 Nbc6 10. O-O Nf5 11. c4 Qd8 12. Bxf5 exf5 13. Re1+ Kf8 14. d5
Ne7 15. a4 Ng6 16. Ba3+ Kg8 17. Rb1 b6 18. Qd4 Bd7 19. a5 h6 20. h4 h5 21. Bd6
bxa5 22. c5 f6 23. c6 Bc8 24. Bb8 Ne7 25. d6 Ng6 26. d7 Bxd7 27. Qxd7 Rxb8 28.
Rxb8 Qxb8 29. c7 1-0

[Event "FBL 1"]
[Site "Deutschland"]
[Date "2012.12.01"]
[Round "3.5"]
[White "Schulz, Anja"]
[Black "Rempel, Jana"]
[Result "0-1"]
[WhiteElo "1801"]
[BlackElo "2078"]
[PlyCount "76"]
[EventDate "2012.10.06"]
[WhiteTeam "SV Chemie Guben 1990"]
[BlackTeam "SF Deizisau"]
[WhiteTeamCountry "GER"]
[BlackTeamCountry "GER"]

1. Nf3 g6 2. g3 Bg7 3. d4 f5 4. Bg2 Nf6 5. c4 O-O 6. Nc3 d6 7. O-O Qe8 8. Nb5
Na6 9. Bf4 h6 10. Qc1 Kh7 11. Nc3 g5 12. Bxg5 hxg5 13. Nxg5+ Kg8 14. Nf3 Qh5
15. Nh4 c6 16. d5 Bd7 17. Bf3 Qh6 18. Qxh6 Bxh6 19. dxc6 bxc6 20. Bxc6 Bxc6 21.
Nxf5 Kf7 22. Nxh6+ Kg6 23. e4 Kxh6 24. Rfe1 Nc5 25. f3 Nd3 26. Re2 Ne5 27. Kg2
Nxc4 28. b3 Ne5 29. f4 Ned7 30. Kg1 Rac8 31. h3 Bb7 32. Nb5 Nxe4 33. Re3 a6 34.
Nd4 e5 35. Ne2 Rc2 36. a4 exf4 37. Nxf4 Nxg3 38. Re6+ Kg5 0-1

[Event "FBL 1"]
[Site "Deutschland"]
[Date "2012.12.01"]
[Round "3.6"]
[White "Gabriel, Marina"]
[Black "Dziadek, Anna"]
[Result "1/2-1/2"]
[WhiteElo "1991"]
[BlackElo "1415"]
[PlyCount "176"]
[EventDate "2012.10.06"]
[WhiteTeam "SF Deizisau"]
[BlackTeam "SV Chemie Guben 1990"]
[WhiteTeamCountry "GER"]
[BlackTeamCountry "GER"]

1. d4 d6 2. c4 Nf6 3. Nc3 g6 4. e4 Bg7 5. Nf3 O-O 6. Be2 b6 7. O-O Bb7 8. Qc2
Nbd7 9. Rd1 e6 10. h3 c6 11. e5 Ne8 12. Bg5 Qc7 13. Be7 dxe5 14. Bxf8 Kxf8 15.
dxe5 Nxe5 16. Nxe5 Bxe5 17. Bf3 Nd6 18. Ne2 Nf5 19. Be4 c5 20. Bxb7 Qxb7 21.
Nc3 Nd6 22. Qe2 Bd4 23. Rac1 a5 24. b3 Re8 25. Re1 f5 26. Qf3 Qxf3 27. gxf3 Kf7
28. f4 h6 29. Kg2 Rg8 30. h4 g5 31. hxg5 hxg5 32. fxg5 Rxg5+ 33. Kf3 Rh5 34.
Na4 Ne4 35. Re2 Ng5+ 36. Kg2 f4 37. f3 e5 38. Nxb6 Be3 39. Rxe3 fxe3 40. Re1
Ke6 41. Rxe3 Rh3 42. Na4 Rh8 43. Nxc5+ Kf5 44. Nd3 Nf7 45. Re4 Rd8 46. Re3 Rg8+
47. Kf2 Rh8 48. Kg2 Rg8+ 49. Kf2 Rh8 50. a3 Rh2+ 51. Kg3 Rc2 52. c5 Rc3 53. b4
Rxa3 54. b5 Rb3 55. b6 a4 56. Kf2 a3 57. Nc1 Rb2+ 58. Re2 Nd8 59. Na2 Nc6 60.
Rxb2 axb2 61. Nc3 Kf4 62. b7 Kf5 63. Ke3 Ke6 64. Kd2 Kd7 65. Kc2 Kc7 66. Ne2
Kxb7 67. Kxb2 Nd8 68. Nc3 Kc6 69. Ne4 Ne6 70. Kc3 Kd5 71. Kb4 Nd4 72. Nd2 Nc6+
73. Kb5 Nd4+ 74. Kb6 Nc6 75. Nb3 Ne7 76. Na5 e4 77. fxe4+ Kxe4 78. Nc6 Nc8+ 79.
Kb5 Kd5 80. Nb4+ Ke6 81. Kc6 Ne7+ 82. Kc7 Nf5 83. Kd8 Nd4 84. Ke8 Nc6 85. Nd3
Kd5 86. Kd7 Nd4 87. Ke7 Kc6 88. Kf6 Nb3 1/2-1/2

[Event "FBL 1"]
[Site "Deutschland"]
[Date "2012.12.01"]
[Round "3.1"]
[White "Kulovana, Eva"]
[Black "Wirths, Clara"]
[Result "1-0"]
[WhiteElo "2259"]
[BlackElo "2022"]
[PlyCount "59"]
[EventDate "2012.10.06"]
[WhiteTeam "SK Grosslehna"]
[BlackTeam "Schachverein Wattenscheid 1930"]
[WhiteTeamCountry "GER"]
[BlackTeamCountry "GER"]

1. e4 c5 2. Nf3 Nc6 3. Bb5 d6 4. O-O e5 5. c3 Nf6 6. d4 Qb6 7. Bxc6+ Qxc6 8.
dxe5 Nxe4 9. exd6 Bxd6 10. Re1 O-O 11. Rxe4 Qxe4 12. Qxd6 Bg4 13. Be3 Rad8 14.
Nbd2 Qc2 15. Qxc5 Bxf3 16. gxf3 Qxb2 17. Rb1 Qxa2 18. Rxb7 Rc8 19. Rc7 Rxc7 20.
Qxc7 a5 21. Ne4 h6 22. Bd4 Kh7 23. c4 a4 24. Qc5 Re8 25. Qf5+ Kg8 26. Qg4 Qb1+
27. Kg2 g5 28. Nf6+ Kf8 29. Bc5+ Re7 30. Qc8+ 1-0

[Event "FBL 1"]
[Site "Deutschland"]
[Date "2012.12.01"]
[Round "3.2"]
[White "Henrichs, Wenke"]
[Black "Voicu Jagodzinsky, Carmen"]
[Result "0-1"]
[WhiteElo "2067"]
[BlackElo "2292"]
[PlyCount "112"]
[EventDate "2012.10.06"]
[WhiteTeam "Schachverein Wattenscheid 1930"]
[BlackTeam "SK Grosslehna"]
[WhiteTeamCountry "GER"]
[BlackTeamCountry "GER"]

1. d4 Nf6 2. c4 c5 3. d5 e6 4. Nc3 exd5 5. cxd5 d6 6. Nf3 g6 7. Qa4+ Bd7 8. Qb3
Qc7 9. e4 Bg7 10. Bf4 O-O 11. Be2 Nh5 12. Bg5 h6 13. Be3 a6 14. a4 Bg4 15. e5
dxe5 16. Qc4 Nf4 17. Bf1 Bxf3 18. gxf3 Nd7 19. Rd1 Rfe8 20. b4 b6 21. Ne4 Qd8
22. Nd6 Rf8 23. bxc5 bxc5 24. Ne4 Qa5+ 25. Bd2 Qc7 26. a5 Rfc8 27. h4 Nf6 28.
Bc3 Nxe4 29. fxe4 Qd6 30. Qa2 h5 31. Bc4 Bf6 32. Kf1 Rab8 33. f3 Ne6 34. dxe6
Qxd1+ 35. Kg2 Qd6 36. exf7+ Kg7 37. Bd5 Qe7 38. Qc4 Rb5 39. Kg3 Rf8 40. Kg2
Rxf7 41. Qe2 Rf8 42. Bc4 Rbb8 43. Bxa6 Kh7 44. Be1 c4 45. Bxc4 Qa3 46. Kg3 Bd8
47. a6 Bb6 48. Bd2 Bd4 49. Bc1 Qc3 50. Bd2 Qa3 51. Bc1 Qc5 52. Rf1 Rbc8 53. Bd5
Qb6 54. Bb7 Rc3 55. Bd2 Rc2 56. Qd1 Qb2 0-1

[Event "FBL 1"]
[Site "Deutschland"]
[Date "2012.12.01"]
[Round "3.3"]
[White "Havlikova, Kristyna"]
[Black "Goihl, Mona"]
[Result "1-0"]
[WhiteElo "2293"]
[BlackElo "2095"]
[PlyCount "63"]
[EventDate "2012.10.06"]
[WhiteTeam "SK Grosslehna"]
[BlackTeam "Schachverein Wattenscheid 1930"]
[WhiteTeamCountry "GER"]
[BlackTeamCountry "GER"]

1. e4 c5 2. Nf3 Nc6 3. d4 cxd4 4. Nxd4 g6 5. c4 Bg7 6. Be3 Nf6 7. Nc3 Ng4 8.
Qxg4 Nxd4 9. Qd1 Ne6 10. Rc1 O-O 11. Be2 Qa5 12. Qd2 d6 13. a3 Re8 14. O-O Qd8
15. b4 b6 16. f4 Bb7 17. Nd5 Nc7 18. f5 e6 19. Nxc7 Qxc7 20. f6 Bh8 21. Bd3 e5
22. g4 Qd7 23. Qg2 Rac8 24. Qg3 Qa4 25. Rc3 Re6 26. Qh4 d5 27. exd5 Bxd5 28.
cxd5 Rxc3 29. dxe6 Qe8 30. exf7+ Qxf7 31. Rc1 Bxf6 32. Rxc3 1-0

[Event "FBL 1"]
[Site "Deutschland"]
[Date "2012.12.01"]
[Round "3.4"]
[White "Mass, Elvira"]
[Black "Von Wantoch Rekowski, Danijela"]
[Result "1-0"]
[WhiteElo "1989"]
[BlackElo "2245"]
[PlyCount "77"]
[EventDate "2012.10.06"]
[WhiteTeam "Schachverein Wattenscheid 1930"]
[BlackTeam "SK Grosslehna"]
[WhiteTeamCountry "GER"]
[BlackTeamCountry "GER"]

1. Nf3 Nf6 2. g3 b6 3. Bg2 Bb7 4. d3 d5 5. Nbd2 e6 6. O-O Be7 7. Re1 c5 8. b3
O-O 9. Bb2 Nc6 10. c4 d4 11. Nf1 Qc7 12. e4 dxe3 13. fxe3 Rad8 14. Qe2 Rd7 15.
d4 Rfd8 16. Rad1 Ne8 17. Bh3 Rd6 18. N1d2 Nb4 19. a3 Na6 20. d5 exd5 21. Be5
Bf6 22. Bxd6 Rxd6 23. cxd5 Rxd5 24. Ne4 Be7 25. Nc3 Rxd1 26. Rxd1 Nf6 27. e4
Qc6 28. Ne5 Qc7 29. Nc4 Qc6 30. Nd5 Bf8 31. Ne5 Qd6 32. Nxf6+ Qxf6 33. Nd7 Qe7
34. Nxf8 Kxf8 35. Rd7 Qxe4 36. Qxe4 Bxe4 37. Rxa7 Nb8 38. Bg2 Bxg2 39. Kxg2 1-0